Online
Catalog

Instrumentos musicales en colecciones españolas. / (Record no. 34673)

MARC details
000 -CABECERA
campo de control de longitud fija 00957nam a2200205 a 4500
001 - NÚMERO DE CONTROL
campo de control 000035182
005 - FECHA Y HORA DE LA ÚLTIMA TRANSACCIÓN
campo de control 20200930074147.0
008 - DATOS DE LONGITUD FIJA--INFORMACIÓN GENERAL
campo de control de longitud fija 111025s19992001sp ac 000 0 spa d
020 ## - NÚMERO INTERNACIONAL ESTÁNDAR DEL LIBRO
Número Internacional Estándar del Libro 8487583555
082 ## - NÚMERO DE LA CLASIFICACIÓN DECIMAL DEWEY
Número de clasificación xxxx
Número de documento/Ítem B727i
040 ## - FUENTE DE LA CATALOGACIÓN
Centro catalogador/agencia de origen DO-SdBNP
100 1# - ENTRADA PRINCIPAL--NOMBRE DE PERSONA
Nombre de persona Bordas Ibáñez, Cristina
9 (RLIN) 60912
245 10 - MENCIÓN DE TÍTULO
Título Instrumentos musicales en colecciones españolas. /
Mención de responsabilidad, etc. Cristina Bordas Ibáñez.
260 ## - PUBLICACIÓN, DISTRIBUCIÓN, ETC.
Lugar de publicación, distribución, etc. Madrid :
Nombre del editor, distribuidor, etc. Centro de Documentación de Música y Danza (INAEM):,
Fecha de publicación, distribución, etc. 1999-2001.
300 ## - DESCRIPCIÓN FÍSICA
Extensión 2 v. ;
Dimensiones 26 cm.
504 ## - NOTA DE BIBLIOGRAFÍA, ETC.
Nota de bibliografía, etc. Incluye refrencias bibliográfica al final de cada volumen
505 0# - NOTA DE CONTENIDO CON FORMATO
Información miscelánea v. 1
Título Museos de Titularidad Estatal. Ministerio de Educación y Cultura --
Información miscelánea v. 2
Título Museo de titularidad estatal, no dependientes del Ministerio de Educación, Cultura y Deporte
710 2# - PUNTO DE ACCESO ADICIONAL--NOMBRE DE ENTIDAD CORPORATIVA
Nombre de entidad corporativa o nombre de jurisdicción como elemento de entrada Ministerio de Educación y Cultura, Instituto Nacional de las Artes Escénicas y de la Música
9 (RLIN) 60913
710 2# - PUNTO DE ACCESO ADICIONAL--NOMBRE DE ENTIDAD CORPORATIVA
Nombre de entidad corporativa o nombre de jurisdicción como elemento de entrada Ministerio de Educación Cultura y Deporte
9 (RLIN) 60914
Holdings
Estado de retiro Estado de pérdida Restricciones de uso No para préstamo Código de colección Localización permanente Ubicación/localización actual Ubicación en estantería Fecha de adquisición Número de inventario Total de préstamos Signatura topográfica completa Código de barras Fecha visto por última vez Precio válido a partir de Tipo de ítem Koha
      Excluido de préstamo Monografías: Libros y Folletos General General En catalogación 25.10.2011 LF1   v. 1 35182-10 25.06.2020 25.06.2020 No se presta
      Excluido de préstamo Monografías: Libros y Folletos General General En catalogación 13.01.2012 LF1   v. 2 35182-20 25.06.2020 25.06.2020 No se presta

Powered by Koha